| 000 | 00649nam a2200181 a 4500 | ||
|---|---|---|---|
| 005 | 20140317093826.0 | ||
| 008 | 140317b2005 ck ||||| |||| 00| 0 spa d | ||
| 041 | _aspa | ||
| 044 | _ack | ||
| 090 |
_aLB _b04154 |
||
| 100 |
_aRamírez Delgado, Diana Michelle _922049 |
||
| 245 | _aDiversidad de Melolonthinae, Rutelinae y Dynastinae (Coleptera: Melolonthidae) en el paisa rural del cañón del río Barbas y la Reserva Forestal de Bremen departamentos Quindío y Risaralda | ||
| 260 |
_aArmenia _bUniversidad del Quindío _c2005 |
||
| 300 | _a147 p. | ||
| 700 |
_aUpegui Vélez, Carmen Andrea _922050 |
||
| 942 |
_cImpreso _2z |
||
| 945 | _d2005-06-27 | ||
| 999 |
_c4619 _d4619 |
||